[Event "AUTO-OPEN-4434"]
[Site "http://www.queenalice.com/game.php?id=1808900"]
[Date "2023.3.29"]
[Round "1"]
[White "jogador58"]
[Black "EderMachado1011"]
[Result "1-0"]
[WhiteElo "2236"]
[BlackElo "1452"]

1. e4 e5 2. f4 Nc6 3. Nc3 Bb4 4. Nd5 Bc5 5. Nf3 d6 6. fxe5 dxe5 7. c3 Bg4 8. Be2
Be6 9. d4 exd4 10. cxd4 Bd6 11. Nc3 Nf6 12. d5 Nxd5 13. exd5 Bf5 14. dxc6 bxc6
15. Qd4 c5 16. Qxg7 Ke7 17. Nd5+ Ke6 18. Bc4 Qe8 19. Qf6+ Kd7+ 20. Kf2 Rg8 21.
Qxf5+ Qe6 22. Nf6+ Kc6 23. Bxe6 Kb5 24. Bd7+ c6 25. Nd4+ Kc4 26. Qc2+ 1-0

[Event "AUTO-OPEN-4434"]
[Site "http://www.queenalice.com/game.php?id=1808901"]
[Date "2023.3.29"]
[Round "1"]
[White "EderMachado1011"]
[Black "jogador58"]
[Result "0-1"]
[WhiteElo "1452"]
[BlackElo "2237"]

1. e3 g6 2. Be2 Bg7 3. Nc3 Nf6 4. Nf3 b6 5. b3 Bb7 6. O-O O-O 7. d3 c5 8. Ne5 d5
9. Nb5 a6 10. Nc3 d4 11. exd4 Qxd4 12. Nxg6 hxg6 13. Qd2 Nd5 14. Nxd5 Bxd5 15.
c3 Qxc3 16. Qxc3 Bxc3 17. Rb1 Nc6 18. Bh6 Bg7 19. Be3 Rad8 20. a4 Nd4 21. Bxd4
Bxd4 22. b4 Kg7 23. bxc5 bxc5 24. Rb6 Rd6 25. Rxd6 exd6 26. Rb1 Re8 27. Rb6 Rxe2
0-1

[Event "AUTO-OPEN-4434"]
[Site "http://www.queenalice.com/game.php?id=1808921"]
[Date "2023.3.29"]
[Round "1"]
[White "EderMachado1011"]
[Black "TammieM3ENF"]
[Result "1-0"]
[WhiteElo "1751"]
[BlackElo "1257"]

1. e3 e5 2. Nf3 d5 3. Bb5+ c6 4. Bd3 c5 5. Nxe5 Qd6 6. Bb5+ Nd7 7. Nd3 c4 8. Nf4
a6 9. Ba4 d4 10. O-O b5 11. Bxb5 axb5 12. Qf3 b4 13. Qxa8 g6 14. Qxc8+ Ke7 15.
Qxc4 Bh6 16. exd4 Ngf6 17. Re1+ Ne4 18. Rxe4+ Kf8 19. Qc8+ Kg7 20. a4 Bxf4 21.
Re8 Rxe8 22. Qxe8 Qxd4 23. a5 h5 24. a6 g5 25. Ra5 g4 26. a7 h4 27. a8=Q g3 28.
Qa7 Qf6 29. Qaxd7 gxh2+ 30. Kh1 Qd6 31. Qxd6 Bxd6 32. Rg5+ Kh6 33. Qd8 f6 34.
Qxd6 Kxg5 35. f4+ Kg4 36. Kxh2 h3 37. gxh3+ Kh4 38. Qxf6+ Kh5 39. h4 b3 40. Qg5#
1-0

[Event "AUTO-OPEN-4434"]
[Site "http://www.queenalice.com/game.php?id=1808930"]
[Date "2023.3.29"]
[Round "1"]
[White "mennecy91"]
[Black "EderMachado1011"]
[Result "1-0"]
[WhiteElo "2130"]
[BlackElo "1452"]

1. d4 d5 2. Nf3 Bg4 3. Ne5 Bf5 4. Bf4 e6 5. Nd2 Bd6 6. e3 Nf6 7. Ndf3 Ng4 8. Be2
O-O 9. O-O Qf6 10. Bg5 Qxg5 11. Nxg5 Re8 12. Nxg4 Bxg4 13. Bxg4 Nd7 14. Qd3 f6
15. Qxh7+ Kf8 16. Nxe6+ Rxe6 17. Bxe6 Ke7 18. Bxd7 Kxd7 19. Qxg7+ Be7 20. h4 Ke6
21. h5 Bf8 22. Qg8+ 1-0

[Event "AUTO-OPEN-4434"]
[Site "http://www.queenalice.com/game.php?id=1808931"]
[Date "2023.3.29"]
[Round "1"]
[White "EderMachado1011"]
[Black "mennecy91"]
[Result "0-1"]
[WhiteElo "1452"]
[BlackElo "2129"]

1. d4 Nf6 2. Bg5 Ne4 3. Bf4 d5 4. f3 Nf6 5. Qd2 Bf5 6. Nc3 c6 7. O-O-O e6 8. Bg5
Nbd7 9. e3 Bb4 10. a3 Bxc3 11. Qxc3 h6 12. Bf4 O-O 13. h3 Rc8 14. Ne2 Re8 15. g4
Bh7 16. Bd6 Nb6 17. Qc5 Nc4 18. Bf4 Nb6 19. Bd6 Nc4 20. b3 Nxe3 21. Be5 Nxd1 0-1

[Event "AUTO-OPEN-4435"]
[Site "http://www.queenalice.com/game.php?id=1809084"]
[Date "2023.4.2"]
[Round "1"]
[White "game"]
[Black "EderMachado1011"]
[Result "1-0"]
[WhiteElo "1432"]
[BlackElo "1500"]

1. e4 d6 2. Nf3 Nf6 3. Bc4 Bg4 4. d4 Nxe4 5. Bd5 c6 6. Bxe4 Qa5+ 7. Bd2 Qb6 8.
c3 Qxb2 9. Na3 Qxa3 10. Qb1 Qa6 11. Bd3 Qa5 12. Qxb7 Bxf3 13. gxf3 Qd5 14. Qc8#
1-0

[Event "AUTO-OPEN-4435"]
[Site "http://www.queenalice.com/game.php?id=1809085"]
[Date "2023.4.2"]
[Round "1"]
[White "EderMachado1011"]
[Black "game"]
[Result "0-1"]
[WhiteElo "1619"]
[BlackElo "1522"]

1. e3 e5 2. Nc3 Nc6 3. Bb5 Nf6 4. Nf3 d5 5. O-O Bf5 6. Qe2 a6 7. Bd3 e4 8. Bxe4
dxe4 9. Ng5 Nd5 10. Ncxe4 Bg6 11. c4 Ndb4 12. Nc3 Qxg5 13. a3 Bh5 14. f3 Nc2 15.
Ra2 Bc5 16. f4 Qf5 17. Qf2 O-O-O 18. Qh4 Rhe8 19. Rf3 Bxf3 20. gxf3 Re6 21. Na4
Rg6+ 22. Kf2 Be7 23. Qxh7 Qe6 24. e4 b5 25. Nc3 Bf6 26. cxb5 Bd4+ 27. Ke2 Qxa2
28. Nxa2 Rg2+ 29. Kd3 Ne1+ 30. Kc4 Na5+ 31. Kb4 Kb7 32. Kxa5 Bb6+ 33. Kb4 Nd3+
34. Kc3 Nxf4 35. Nb4 a5 0-1

[Event "AUTO-OPEN-4435"]
[Site "http://www.queenalice.com/game.php?id=1809114"]
[Date "2023.4.2"]
[Round "1"]
[White "EderMachado1011"]
[Black "LMP1989"]
[Result "0-1"]
[WhiteElo "1476"]
[BlackElo "2115"]

1. e3 e6 2. Bb5 Nf6 3. Nf3 c6 4. Bd3 d5 5. O-O Bd6 6. Qe2 O-O 7. b3 e5 8. Nc3 e4
9. Bxe4 dxe4 10. Nd4 Be5 11. Nf3 exf3 12. Qxf3 Bg4 13. Qxg4 Nxg4 14. h3 Bxc3 15.
dxc3 Nf6 16. Ba3 Re8 17. Rfd1 Qb6 18. h4 Nbd7 19. Rd3 Ne5 20. Rd6 Rad8 21. Rad1
Rxd6 22. Rxd6 Rd8 23. Rxd8+ Qxd8 24. f4 Neg4 0-1

[Event "AUTO-OPEN-4435"]
[Site "http://www.queenalice.com/game.php?id=1809115"]
[Date "2023.4.2"]
[Round "1"]
[White "LMP1989"]
[Black "EderMachado1011"]
[Result "1-0"]
[WhiteElo "2131"]
[BlackElo "1754"]

1. Nf3 Nf6 2. c4 Nc6 3. d4 d6 4. Nc3 Bg4 5. e3 Qd7 6. Be2 Be6 7. d5 Nxd5 8. cxd5
Bxd5 9. Nxd5 e6 10. Nc3 O-O-O 11. O-O Nb4 12. a3 Nc6 13. b4 a6 14. b5 axb5 15.
Bxb5 Be7 16. Nd4 Bf6 17. Bxc6 bxc6 18. Qa4 c5 19. Qa8# 1-0

[Event "AUTO-OPEN-4437"]
[Site "http://www.queenalice.com/game.php?id=1809586"]
[Date "2023.4.8"]
[Round "1"]
[White "EderMachado1011"]
[Black "Rocio"]
[Result "0-1"]
[WhiteElo "1551"]
[BlackElo "1453"]

1. e3 e5 2. d3 Bb4+ 3. c3 Bc5 4. Ne2 d6 5. Nd2 Bf5 6. Qa4+ c6 7. b4 b5 8. Qb3
Bxd3 9. bxc5 Nh6 10. cxd6 Qxd6 11. Ba3 c5 12. Rd1 O-O 13. Qxb5 Bxb5 14. h4 Ng4
15. f3 Nxe3 16. Rb1 Qd3 17. Bxc5 Nc2+ 0-1

[Event "AUTO-OPEN-4437"]
[Site "http://www.queenalice.com/game.php?id=1809587"]
[Date "2023.4.8"]
[Round "1"]
[White "Rocio"]
[Black "EderMachado1011"]
[Result "1-0"]
[WhiteElo "1431"]
[BlackElo "1586"]

1. e4 e5 2. Nf3 Nc6 3. Bc4 Qe7 4. a3 g6 5. d3 d6 6. Nc3 Nf6 7. h3 Bd7 8. Bg5 h6
9. Be3 a6 10. O-O O-O-O 11. b4 b5 12. Bb3 h5 13. d4 Bh6 14. Bxh6 Rxh6 15. dxe5
Nxe5 16. Nh2 Bc6 17. a4 1-0

[Event "AUTO-OPEN-4437"]
[Site "http://www.queenalice.com/game.php?id=1809588"]
[Date "2023.4.8"]
[Round "1"]
[White "EderMachado1011"]
[Black "ValParada"]
[Result "0-1"]
[WhiteElo "1428"]
[BlackElo "2212"]

1. e4 c5 2. c4 d6 3. Nc3 Nf6 4. d3 g6 5. Qa4+ Bd7 6. Nb5 a6 7. Nc7+ Qxc7 8. Qd1
Bg7 9. Bg5 O-O 10. b3 b5 11. a4 b4 12. Bd2 Nc6 13. Bg5 Ng4 0-1

[Event "AUTO-OPEN-4437"]
[Site "http://www.queenalice.com/game.php?id=1809589"]
[Date "2023.4.8"]
[Round "1"]
[White "ValParada"]
[Black "EderMachado1011"]
[Result "1-0"]
[WhiteElo "2211"]
[BlackElo "1430"]

1. d4 d5 2. c4 Nf6 3. Nc3 Qd6 4. cxd5 Nxd5 5. e4 Nb4 6. a3 N4c6 7. d5 Ne5 8. f4
Ng6 9. Nf3 Bg4 10. f5 Ne5 11. Qb3 Nxf3+ 12. gxf3 Bxf3 13. Qxb7 Bxh1 14. Bb5+ 1-0

[Event "AUTO-OPEN-4437"]
[Site "http://www.queenalice.com/game.php?id=1809590"]
[Date "2023.4.8"]
[Round "1"]
[White "EderMachado1011"]
[Black "suenteus_po_147"]
[Result "0-1"]
[WhiteElo "1432"]
[BlackElo "2129"]

1. e4 e5 2. Nf3 Nc6 3. Bb5 a6 4. Bd3 Nf6 5. O-O Bc5 6. c3 O-O 7. Na3 d6 8. Nc4
b5 9. Nb6 Bxb6 10. Qb3 Bb7 11. Ng5 Na5 12. Qd1 h6 13. Nh3 Nxe4 14. Qf3 d5 15. a3
Nb3 16. Ra2 Nbxd2 17. Bxd2 Nxd2 18. Qe2 Nxf1 0-1

[Event "AUTO-OPEN-4437"]
[Site "http://www.queenalice.com/game.php?id=1809591"]
[Date "2023.4.8"]
[Round "1"]
[White "suenteus_po_147"]
[Black "EderMachado1011"]
[Result "1-0"]
[WhiteElo "2128"]
[BlackElo "1434"]

1. e4 e6 2. d4 d6 3. Nc3 Nf6 4. Nf3 Nc6 5. Be2 Be7 6. h3 Bd7 7. Be3 O-O 8. Qd2
Nb4 9. O-O-O a5 10. a3 Nc6 11. g4 h6 12. Rdg1 h5 13. g5 Nh7 14. Nh4 Bxg5 15.
Bxg5 Nxg5 16. Rxg5 g6 17. Nxg6 fxg6 18. Rxg6+ 1-0

[Event "AUTO-INT-3811"]
[Site "http://www.queenalice.com/game.php?id=1809696"]
[Date "2023.4.9"]
[Round "1"]
[White "dosoldini"]
[Black "EderMachado1011"]
[Result "1-0"]
[WhiteElo "1456"]
[BlackElo "1450"]

1. e4 e5 2. Nf3 d6 3. Nc3 Bg4 4. Be2 Qd7 5. d4 exd4 6. Nxd4 c5 7. Bxg4 Qe7 8.
Nf5 Qe5 9. f4 Qf6 10. Nd5 Qe6 11. Nxg7+ Bxg7 12. Bxe6 fxe6 13. Qh5+ Kf8 14. Nc7
Nf6 15. e5 Nxh5 16. Nxa8 dxe5 17. O-O Nxf4 18. Nc7 1-0

[Event "AUTO-INT-3811"]
[Site "http://www.queenalice.com/game.php?id=1809697"]
[Date "2023.4.9"]
[Round "1"]
[White "EderMachado1011"]
[Black "dosoldini"]
[Result "0-1"]
[WhiteElo "1751"]
[BlackElo "1472"]

1. e4 e5 2. Nf3 Nc6 3. Bb5 Nf6 4. Nc3 Bc5 5. Qe2 Ng4 6. O-O h5 7. Nd5 Nd4 8.
Nxd4 exd4 9. e5 O-O 10. b4 Re8 11. f3 d3+ 12. Ne3 dxe2 13. Re1 Qh4 14. g3 Qxh2#
0-1

[Event "AUTO-INT-3811"]
[Site "http://www.queenalice.com/game.php?id=1809708"]
[Date "2023.4.9"]
[Round "1"]
[White "EderMachado1011"]
[Black "Rocio"]
[Result "0-1"]
[WhiteElo "1497"]
[BlackElo "1491"]

1. e4 e5 2. Nf3 Nc6 3. Bb5 Nd4 4. Nxe5 Nxb5 5. O-O Nd4 6. Re1 Qe7 7. Ng4 d6 8.
e5 d5 9. Qe2 Nxe2+ 10. Rxe2 Bxg4 11. Re3 Qg5 12. h3 Be6 13. Rg3 Qxe5 14. Nc3
Qe1+ 15. Kh2 Bd6 16. d3 Qxf2 17. Be3 Qxg3+ 0-1

[Event "AUTO-INT-3811"]
[Site "http://www.queenalice.com/game.php?id=1809709"]
[Date "2023.4.9"]
[Round "1"]
[White "Rocio"]
[Black "EderMachado1011"]
[Result "1-0"]
[WhiteElo "1473"]
[BlackElo "1522"]

1. e4 e5 2. Nf3 Nc6 3. Bc4 Qe7 4. d3 Qb4+ 5. c3 Qc5 6. Be3 Qa5 7. Ng5 f6 8. Nf7
b5 9. b4 Bxb4 10. Nxh8 Bxc3+ 11. Nd2 Bxa1 12. Qxa1 Nb4 13. Bf7+ Kf8 14. O-O Nh6
15. Nb3 Qa3 16. Nc5 Nxf7 17. Bc1 Qxa2 18. Qc3 1-0